<?xml version='1.0' encoding='UTF-8'?>
  <record xmlns="http://www.loc.gov/MARC21/slim">
    <leader>00000cam a2200000 i 4500</leader>
    <controlfield tag="001">ocn782017464</controlfield>
    <controlfield tag="003">OCoLC</controlfield>
    <controlfield tag="005">20260130000736.4</controlfield>
    <controlfield tag="008">900612s1655    ne            000 0 dut d</controlfield>
    <datafield tag="040" ind1=" " ind2=" ">
      <subfield code="a">NLGGC</subfield>
      <subfield code="b">dut</subfield>
      <subfield code="e">fobidrtb</subfield>
      <subfield code="c">NLGGC</subfield>
      <subfield code="d">OCLCO</subfield>
      <subfield code="d">OCLCL</subfield>
      <subfield code="d">OCLCF</subfield>
      <subfield code="d">OCLCA</subfield>
      <subfield code="d">OCLCQ</subfield>
    </datafield>
    <datafield tag="029" ind1="0" ind2=" ">
      <subfield code="a">NLGGC</subfield>
      <subfield code="b">062798995</subfield>
    </datafield>
    <datafield tag="035" ind1=" " ind2=" ">
      <subfield code="a">(OCoLC)782017464</subfield>
    </datafield>
    <datafield tag="041" ind1="1" ind2=" ">
      <subfield code="a">dut</subfield>
      <subfield code="h">lat</subfield>
    </datafield>
    <datafield tag="050" ind1=" " ind2="4">
      <subfield code="a">KKM1706.5</subfield>
      <subfield code="b">1655</subfield>
    </datafield>
    <datafield tag="072" ind1=" " ind2="7">
      <subfield code="a">w</subfield>
      <subfield code="2">odfysin</subfield>
    </datafield>
    <datafield tag="082" ind1="0" ind2="4">
      <subfield code="a">345.49205</subfield>
    </datafield>
    <datafield tag="084" ind1=" " ind2=" ">
      <subfield code="a">86.08</subfield>
      <subfield code="2">bcl</subfield>
    </datafield>
    <datafield tag="100" ind1="1" ind2=" ">
      <subfield code="a">Nieustad, Cornelis van,</subfield>
      <subfield code="d">1549-1606.</subfield>
      <subfield code="1">https://id.oclc.org/worldcat/entity/E39PBJrKRXPkdWMkkxDQhm3mh3</subfield>
    </datafield>
    <datafield tag="245" ind1="1" ind2="0">
      <subfield code="a">Hollandse praktijk in rechten, :</subfield>
      <subfield code="b">bestaande in vonnissen, observantien van oordeelen en consultatien, /</subfield>
      <subfield code="c">door Kornelis van Nieustad en Jakob Kooren ... ; nu eerst tot nut en dienst van de Neder-duytsche practisijns: uyt het Latijn vertaald door Adriaan van Nispen.</subfield>
    </datafield>
    <datafield tag="246" ind1="3" ind2=" ">
      <subfield code="a">Hollandsche praktyk in rechten</subfield>
    </datafield>
    <datafield tag="260" ind1=" " ind2=" ">
      <subfield code="a">Tot Rotterdam: :</subfield>
      <subfield code="b">gedrukt by Joannes Næranus ...,</subfield>
      <subfield code="c">1655.</subfield>
    </datafield>
    <datafield tag="300" ind1=" " ind2=" ">
      <subfield code="a">[24], 690 p. ;</subfield>
      <subfield code="c">in-4.</subfield>
    </datafield>
    <datafield tag="336" ind1=" " ind2=" ">
      <subfield code="a">tekst</subfield>
      <subfield code="b">txt</subfield>
      <subfield code="2">rdacontent/dut</subfield>
    </datafield>
    <datafield tag="337" ind1=" " ind2=" ">
      <subfield code="a">zonder medium</subfield>
      <subfield code="b">n</subfield>
      <subfield code="2">rdamedia/dut</subfield>
    </datafield>
    <datafield tag="338" ind1=" " ind2=" ">
      <subfield code="a">band</subfield>
      <subfield code="b">nc</subfield>
      <subfield code="2">rdacarrier/dut</subfield>
    </datafield>
    <datafield tag="500" ind1=" " ind2=" ">
      <subfield code="a">Met tweede, gegraveerd titelbl.: Hollandsche praktyk in rechten / door Cornelis van Nieustad en Iacob Kooren.</subfield>
    </datafield>
    <datafield tag="500" ind1=" " ind2=" ">
      <subfield code="a">Pp. 1-306 ook uitg. (met ander voorwerk) o.d.t.: Vonnissen van den hoogen en provincialen raad ... - Rotterdam, 1655.</subfield>
    </datafield>
    <datafield tag="504" ind1=" " ind2=" ">
      <subfield code="a">Index.</subfield>
    </datafield>
    <datafield tag="530" ind1=" " ind2=" ">
      <subfield code="a">Titel is geselecteerd voor digitalisering voor de Universiteit van Leiden in het kader van het Google Books-project.</subfield>
    </datafield>
    <datafield tag="650" ind1=" " ind2="0">
      <subfield code="a">Civil procedure</subfield>
      <subfield code="z">Netherlands</subfield>
      <subfield code="v">Cases.</subfield>
    </datafield>
    <datafield tag="650" ind1=" " ind2="7">
      <subfield code="a">Civil procedure.</subfield>
      <subfield code="2">fast</subfield>
      <subfield code="0">(OCoLC)fst00862585</subfield>
    </datafield>
    <datafield tag="651" ind1=" " ind2="7">
      <subfield code="a">Netherlands.</subfield>
      <subfield code="2">fast</subfield>
      <subfield code="0">(OCoLC)fst01204034</subfield>
    </datafield>
    <datafield tag="655" ind1=" " ind2="7">
      <subfield code="a">Trials, litigation, etc.</subfield>
      <subfield code="2">fast</subfield>
      <subfield code="0">(OCoLC)fst01423712</subfield>
    </datafield>
    <datafield tag="700" ind1="1" ind2=" ">
      <subfield code="a">Coren, Jacob Gerritsz,</subfield>
      <subfield code="d">-1631</subfield>
      <subfield code="1">https://id.oclc.org/worldcat/entity/E39PBJdgVhxmDRvXqxyXfqvGpP</subfield>
    </datafield>
    <datafield tag="700" ind1="1" ind2=" ">
      <subfield code="a">Nispen, Adriaen van</subfield>
      <subfield code="q">(Adriaan),</subfield>
      <subfield code="d">1633-1694.</subfield>
      <subfield code="1">https://id.oclc.org/worldcat/entity/E39PCjH4Ckm8ykg7CGxvK7FWKq</subfield>
    </datafield>
    <datafield tag="758" ind1=" " ind2=" ">
      <subfield code="a">Hollandse praktijk in rechten (Text)</subfield>
      <subfield code="1">https://id.oclc.org/worldcat/entity/E39PCGbcqyw9y8MxbTtQK8JhVy</subfield>
      <subfield code="4">https://id.oclc.org/worldcat/ontology/hasWork</subfield>
    </datafield>
    <datafield tag="776" ind1="0" ind2=" ">
      <subfield code="t">Hollandse praktijk in rechten,</subfield>
      <subfield code="w">(NL-LeOCL)377485136</subfield>
    </datafield>
    <datafield tag="776" ind1="0" ind2=" ">
      <subfield code="t">Hollandse praktijk in rechten,</subfield>
      <subfield code="w">(NL-LeOCL)411394339</subfield>
    </datafield>
    <datafield tag="776" ind1="0" ind2=" ">
      <subfield code="t">Hollandse praktijk in rechten,</subfield>
      <subfield code="w">(NL-LeOCL)411394347</subfield>
    </datafield>
    <datafield tag="856" ind1="4" ind2="2">
      <subfield code="y">Short Title Catalogue, Netherlands</subfield>
      <subfield code="u">http://resolver.kb.nl/resolve?urn=STCN:840698143:record</subfield>
      <subfield code="z">zie de oorspronkelijke beschrijving bij de STCN voor mogelijk overige vindplaatsen</subfield>
      <subfield code="7">0</subfield>
    </datafield>
    <datafield tag="936" ind1=" " ind2=" ">
      <subfield code="a">BATCHLOAD</subfield>
    </datafield>
  </record>